| 000 | 00659nam a22001937a 4500 | ||
|---|---|---|---|
| 999 |
_c525784 _d525784 |
||
| 003 | NUST | ||
| 020 |
_a969-8917-38-1 _qHB/K |
||
| 038 | _aFaiza | ||
| 082 |
_a297.692 _bRAN |
||
| 100 |
_aRanjha, Muhammad Nazir _916033 |
||
| 245 |
_aTarekh o Tazkira Khankah Naqshbandia Mujad'dia / _cMuhammad Nazir Ranjha |
||
| 260 |
_aIslamabad : _bPoorab Academy, _c2007. |
||
| 300 | _a207 p. ; | ||
| 500 | _aReferences. | ||
| 880 |
_6100-01\r _aمحمد نذیررانجھا |
||
| 880 |
_6245-02\r _aتاریخ و تذکرہ خانقاہ نقشبندیہ مجددیہ / |
||
| 880 |
_6260-03\r _aاسلام آباد : _bپورب اکادمی, _c۲۰۰۷. |
||
| 942 |
_2ddc _cBK |
||